000 00781nam a22002417a 4500
001 000559
003 DO-SdBNP
005 20171214105436.0
007 000559
008 161017b 1972 mx a ||||| |||| 00| 0 spa d
040 _aBPMSU
_bspa
_cBPMSU
082 _axxxxx
_bxxxxx
100 1 _aMarshall, James
245 1 0 _aEl aire en que vivimos :
_bla contaminación del aire ; qué debemos hacer para combatirlo.
_cJames Marshall ; asesor: Matthew Brennan ; traductora María Oritz.
260 _aMéxico :
_bDiana,
_c1972.
300 _a127 p. :
_bil. ;
_c18 cm.
490 1 _aModerna
_v148
700 1 _aBrennan, Matthew
830 0 _aModerna ;
_v148
942 _2ddc
_cBK
945 _ainventariado extranjero / DG
956 _2LOPEREZ
_310
_620161017
_8BPMSU
_a00041
999 _c11583
_d11583